Đo đạc và chỉnh lý số liệu thủy văn
में बचाया:
| मुख्य लेखक: | |
|---|---|
| स्वरूप: | पुस्तक |
| भाषा: | Undetermined |
| प्रकाशित: |
H.
ĐHQG
2003
|
| विषय: | |
| टैग : |
टैग जोड़ें
कोई टैग नहीं, इस रिकॉर्ड को टैग करने वाले पहले व्यक्ति बनें!
|
| Thư viện lưu trữ: | Trung tâm Học liệu Trường Đại học Cần Thơ |
|---|
| LEADER | 00528nam a2200193Ia 4500 | ||
|---|---|---|---|
| 001 | CTU_59278 | ||
| 008 | 210402s9999 xx 000 0 und d | ||
| 020 | |b 25400 | ||
| 082 | |a 551.48 | ||
| 082 | |b S464 | ||
| 100 | |a Nguyễn Thanh Sơn | ||
| 245 | 0 | |a Đo đạc và chỉnh lý số liệu thủy văn | |
| 245 | 0 | |c Nguyễn Thanh Sơn | |
| 260 | |a H. | ||
| 260 | |b ĐHQG | ||
| 260 | |c 2003 | ||
| 650 | |a hydrology,hydrologic cycle | ||
| 904 | |i Minh | ||
| 980 | |a Trung tâm Học liệu Trường Đại học Cần Thơ | ||